000 00811 a2200229 4500
005 20251224103123.0
008 251224b |||||||| |||| 00| 0 eng d
020 _a9781538193198 (pbk)
037 _cTB
040 _aCRL
_cCRL
041 _2eng
_aeng
084 _aS:(G:55) R4
_qCRL
100 _aThoamas, Jessica N.
_9822145
245 _aChoosing light:
_btransforming grief through the practice of mindful photography and self reflection
260 _aLanham, Maryland:
_bRowman & Littlefield,
_c2024.
300 _axxii, 127p.
365 _b25.00
_cUKP
650 _aPsychology
_9859212
650 _aEnvironmental Psychology
_9859213
942 _cTB
_2CC
_n0
_hS:(G:55) R4
999 _c1435922
_d1435922